00407 2200169 4500001002100000008004100021035002000062245003500082100001900117250000600136260003500142300001200177084001400189082000800203650001400211990001200225INLIS000000000001025 ind  a0010-0524000260 aWo Ai Ni, AllahcVanny Chrisma aChrisma, Vanny a1 aJakarta :bPT. Buku Kitac2014 a368 hlm a200 VAN w a200 aNon Fiksi a0744003